[Event "Meyreuil Promotion 0405"]
[Site "Meyreuil"]
[Date "2005.03.05"]
[Round "7"]
[White "Bordenave, Robert"]
[Black "Kolb, Sebastien"]
[Result "0-1"]
[WhiteElo "1670"]
[BlackElo "2040"]
[PlyCount "108"]
[EventDate "2004.10.16"]
[EventType "tourn"]
[EventRounds "9"]
[EventCountry "FRA"]
[SourceTitle "EXT 2008"]
[Source "ChessBase"]
[SourceDate "2007.11.25"]
[SourceVersion "1"]
[SourceVersionDate "2007.11.25"]
[SourceQuality "1"]

1. d4 d6 2. Bf4 g6 3. e3 Bg7 4. Be2 Nd7 5. Nf3 c5 6. c3 e5 7. dxe5 dxe5 8. Bg3 Ne7 9. 0-0 0-0 10. e4 Qc7 11. h3 a6 12. Nbd2 b5 13. Qc2 Bb7 14. a4 c4 15. Ra2 Nc5 16. axb5 axb5 17. Rfa1 Rxa2 18. Rxa2 f5 19. exf5 gxf5 20. b3 f4 21. Bh2 cxb3 22. Nxb3 Nxb3 23. Qxb3+ Bd5 24. c4 bxc4 25. Qc2 e4 26. Ne1 c3 27. Ra1 Qb6 28. Rb1 Qg6 29. Bf1 Nc6 30. Qc1 f3 31. Bg3 Nd4 32. Nc2 fxg2 33. Bb5 Nf3+ 34. Kxg2 Nd2 35. Ne3 Nxb1 36. Nxd5 Qf7 37. Bc4 Qf3+ 38. Kg1 c2 39. Ne3+ Kh8 40. Qxc2 Na3 41. Qb3 Nxc4 42. Qxc4 h5 43. Qf1 Bd4 44. Qg2 Qxg2+ 45. Kxg2 Bxe3 46. fxe3 Rf3 47. Bf4 Kg7 48. Kh2 Kf6 49. Kg2 Kf5 50. Bh6 Ke6 51. Bg5 Kd5 52. h4 Kc4 53. Bh6 Kd3 54. Bg5 Ke2 0-1

[Event "Meyreuil Promotion 0405"]
[Site "Meyreuil"]
[Date "2005.01.30"]
[Round "6"]
[White "Wilfert, Fabrice"]
[Black "Bordenave, Robert"]
[Result "1-0"]
[WhiteElo "2013"]
[BlackElo "1670"]
[PlyCount "81"]
[EventDate "2004.10.16"]
[EventType "tourn"]
[EventRounds "9"]
[EventCountry "FRA"]
[SourceTitle "EXT 2008"]
[Source "ChessBase"]
[SourceDate "2007.11.25"]
[SourceVersion "1"]
[SourceVersionDate "2007.11.25"]
[SourceQuality "1"]

1. e4 c6 2. d4 d5 3. f3 Nf6 4. e5 Ng8 5. Bd3 e6 6. Be3 Nd7 7. f4 c5 8. c3 cxd4 9. cxd4 Bb4+ 10. Bd2 Bxd2+ 11. Qxd2 Ne7 12. Nf3 a6 13. a4 a5 14. Nc3 f5 15. Nb5 0-0 16. Rc1 Nc6 17. Rg1 Rf7 18. g4 Nf8 19. gxf5 exf5 20. Nd6 Re7 21. Nxf5 Bxf5 22. Bxf5 Ne6 23. Bxe6+ Rxe6 24. f5 Re8 25. Qh6 Qc7 26. f6 g6 27. Qf4 Rf8 28. Ng5 Rae8 29. f7+ Rxf7 30. Qxf7+ Qxf7 31. Nxf7 Kxf7 32. Rf1+ Kg7 33. Rd1 Nb4 34. Kd2 Re6 35. Rc1 Nc6 36. Ke3 Re7 37. Rc5 Rd7 38. Rf6 Nb4 39. Rxa5 Na6 40. Rb5 Nc7 41. Rxb7 1-0

[Event "Meyreuil Promotion 0405"]
[Site "Meyreuil"]
[Date "2005.01.15"]
[Round "5"]
[White "Bordenave, Robert"]
[Black "Blondelon, Alain"]
[Result "1/2-1/2"]
[WhiteElo "1670"]
[BlackElo "1590"]
[PlyCount "36"]
[EventDate "2004.10.16"]
[EventType "tourn"]
[EventRounds "9"]
[EventCountry "FRA"]
[SourceTitle "EXT 2008"]
[Source "ChessBase"]
[SourceDate "2007.11.25"]
[SourceVersion "1"]
[SourceVersionDate "2007.11.25"]
[SourceQuality "1"]

1. d4 Nf6 2. Bf4 d6 3. e3 g6 4. Nd2 Bg7 5. Be2 0-0 6. h3 Nbd7 7. Ngf3 c5 8. c3 a6 9. a4 b6 10. 0-0 Bb7 11. Qb3 Qc7 12. Bc4 Qc6 13. Rfd1 Rad8 14. Bf1 d5 15. Ne5 Nxe5 16. Bxe5 c4 17. Qc2 Bh6 18. Be2 Bc8 1/2-1/2

[Event "Meyreuil Promotion 0405"]
[Site "Meyreuil"]
[Date "2004.11.27"]
[Round "3"]
[White "Bordenave, Robert"]
[Black "Jullien, Patrick"]
[Result "1/2-1/2"]
[WhiteElo "1670"]
[BlackElo "1700"]
[PlyCount "67"]
[EventDate "2004.10.16"]
[EventType "tourn"]
[EventRounds "9"]
[EventCountry "FRA"]
[SourceTitle "EXT 2008"]
[Source "ChessBase"]
[SourceDate "2007.11.25"]
[SourceVersion "1"]
[SourceVersionDate "2007.11.25"]
[SourceQuality "1"]

1. d4 d5 2. Nf3 Nf6 3. Bf4 Bf5 4. e3 e6 5. Bd3 Bxd3 6. cxd3 Bb4+ 7. Nc3 Nh5 8. Bg3 Nxg3 9. hxg3 Nc6 10. a3 Ba5 11. Ne5 Nxe5 12. dxe5 c6 13. d4 Qe7 14. 0-0 0-0 15. b4 Bc7 16. f4 f6 17. Ne2 fxe5 18. dxe5 Bb6 19. Nd4 c5 20. bxc5 Bxc5 21. a4 Rac8 22. Qd3 Bxd4 23. exd4 Rc4 24. Rfc1 Rfc8 25. Rxc4 Rxc4 26. a5 g6 27. Rb1 Qc7 28. Qb3 Rc1+ 29. Rxc1 Qxc1+ 30. Kh2 Qc6 31. Qb4 Kf7 32. g4 b6 33. axb6 axb6 34. Kg3 1/2-1/2

[Event "Meyreuil Promotion 0405"]
[Site "Meyreuil"]
[Date "2004.11.13"]
[Round "2"]
[White "Briquet, Xavier"]
[Black "Bordenave, Robert"]
[Result "0-1"]
[WhiteElo "1490"]
[BlackElo "1670"]
[PlyCount "128"]
[EventDate "2004.10.16"]
[EventType "tourn"]
[EventRounds "9"]
[EventCountry "FRA"]
[SourceTitle "EXT 2008"]
[Source "ChessBase"]
[SourceDate "2007.11.25"]
[SourceVersion "1"]
[SourceVersionDate "2007.11.25"]
[SourceQuality "1"]

1. e4 c6 2. d4 d5 3. e5 Bf5 4. c4 e6 5. g4 Be4 6. Nf3 Bb4+ 7. Bd2 Bxf3 8. Qxf3 Bxd2+ 9. Nxd2 Ne7 10. 0-0-0 Nd7 11. h4 Qa5 12. Kb1 Rf8 13. g5 0-0-0 14. Nb3 Qc7 15. Qh5 dxc4 16. Bxc4 Nf5 17. Qg4 Nb6 18. Bd3 g6 19. h5 Rh8 20. hxg6 hxg6 21. Rxh8 Rxh8 22. Bxf5 gxf5 23. Qg3 Qd8 24. f4 Qd5 25. g6 fxg6 26. Qxg6 Nd7 27. Qg3 Qe4+ 28. Kc1 Qd5 29. Rg1 Rh1 30. Rxh1 Qxh1+ 31. Kd2 Qd5 32. Kc3 Nb6 33. Qg8+ Kc7 34. Qg7+ Qd7 35. Qxd7+ Kxd7 36. Nc5+ Ke7 37. Nxb7 Nd5+ 38. Kd2 Nxf4 39. b4 Nd5 40. a3 Nc7 41. Nd6 Kd7 42. Kd3 Nb5 43. Nc4 a6 44. a4 Nc7 45. Nb6+ Kd8 46. Nc4 Nd5 47. b5 cxb5 48. axb5 axb5 49. Nd6 b4 50. Nb7+ Ke7 51. Nc5 Kf7 52. Kc4 f4 53. Ne4 Kg6 54. Nd2 Kf5 55. Kd3 Kg4 56. Ke2 Kg3 57. Kf1 f3 58. Ne4+ Kf4 59. Nc5 Kg3 60. Nd3 Ne3+ 61. Kg1 b3 62. d5 Nxd5 63. Nb2 f2+ 64. Kf1 Ne3+ 0-1

[Event "Provence-ch prom Meyreuil 0001"]
[Site "France"]
[Date "2001.04.07"]
[Round "9"]
[White "Bordenave, Robert"]
[Black "Vella, Cedric"]
[Result "0-1"]
[WhiteElo "1720"]
[BlackElo "1850"]
[PlyCount "66"]
[EventDate "2000.??.??"]
[EventType "tourn"]
[EventRounds "9"]
[EventCountry "FRA"]
[SourceTitle "EXT 2005"]
[Source "ChessBase"]
[SourceDate "2004.11.15"]
[SourceVersion "1"]
[SourceVersionDate "2004.11.15"]
[SourceQuality "1"]

1. d4 Nf6 2. Nf3 c5 3. c3 d5 4. Bf4 Bf5 5. e3 c4 6. Be2 e6 7. Nbd2 Nc6 8. 0-0 Bd6 9. Bxd6 Qxd6 10. b3 b5 11. a4 b4 12. bxc4 bxc3 13. c5 Qc7 14. Nb3 Nb4 15. Nc1 0-0 16. Nh4 Bc2 17. Qe1 Ne4 18. Nf3 Rfb8 19. Bd1 Nd3 20. Nxd3 Bxd3 21. Be2 Bxe2 22. Qxe2 Rb2 23. Qd1 Rab8 24. g3 f6 25. Kg2 Qa5 26. Qe1 Qb4 27. h4 Qb3 28. Qc1 c2 29. Nd2 Qd3 30. Nxe4 Qxe4+ 31. Kg1 Rb1 32. Qd2 Rxa1 33. Rxa1 Rb1+ 0-1

[Event "Provence-ch access Meyreuil 9900"]
[Site "France"]
[Date "2000.??.??"]
[Round "6"]
[White "Nguyen, Patrick"]
[Black "Bordenave, Robert"]
[Result "1-0"]
[WhiteElo "1770"]
[BlackElo "1810"]
[PlyCount "147"]
[EventDate "1999.??.??"]
[EventType "tourn"]
[EventRounds "9"]
[EventCountry "FRA"]
[SourceTitle "EXT 2005"]
[Source "ChessBase"]
[SourceDate "2004.11.15"]
[SourceVersion "1"]
[SourceVersionDate "2004.11.15"]
[SourceQuality "1"]

1. e4 d6 2. d4 Nf6 3. Nc3 c6 4. a4 Bg4 5. Be2 Bxe2 6. Qxe2 e5 7. Nf3 Nbd7 8. 0-0 Be7 9. Rd1 Qc7 10. a5 0-0 11. b3 Rfe8 12. Ba3 Bf8 13. d5 c5 14. Nb5 Qb8 15. c4 a6 16. Nc3 Qc7 17. Bc1 g6 18. Rd3 Bg7 19. Ng5 h6 20. Nf3 Rf8 21. Nh4 Qd8 22. g3 Kh7 23. Kh1 Nh5 24. Be3 Rc8 25. Qd1 Qf6 26. Qg4 Qe7 27. Ra2 Ndf6 28. Qh3 Qd7 29. Qxd7 Nxd7 30. Kg2 Rce8 31. f3 Bf6 32. Kh3 Bxh4 33. Kxh4 Ng7 34. g4 g5+ 35. Kg3 Rc8 36. h4 f6 37. h5 Rf7 38. Rd1 Nf8 39. Kf2 Ne8 40. Ke2 Nc7 41. Kd3 Na8 42. Ne2 Nd7 43. Rda1 Nb8 44. Ng3 Nc7 45. Nf5 Ne8 46. Kc2 Rd7 47. Rb1 Ng7 48. Ng3 Rdc7 49. Kd3 Nd7 50. Bd2 Rb8 51. Rc2 Kg8 52. Bc1 Kf8 53. Ba3 Ke7 54. b4 cxb4 55. Bxb4 Nc5+ 56. Bxc5 Rxc5 57. Ra2 Kd7 58. Ra4 Kc7 59. Kc2 Kd7 60. Nh1 Rc7 61. Kc3 Kc8 62. Rb6 Rd7 63. Rab4 Kc7 64. Nf2 Ne8 65. Nd3 Kc8 66. c5 dxc5 67. Rc4 Rc7 68. Nxc5 Ra8 69. d6 Rxc5 70. Rxc5+ Kd7 71. Rxb7+ Kxd6 72. Kc4 Ke6 73. Rb6+ Kd7 74. Rcc6 1-0

[Event "Provence-ch access Meyreuil 9697"]
[Site "France"]
[Date "1996.??.??"]
[Round "2"]
[White "Bordenave, Robert"]
[Black "Gozzo, Jean Claude"]
[Result "0-1"]
[WhiteElo "1770"]
[BlackElo "1640"]
[PlyCount "138"]
[EventDate "1996.??.??"]
[EventType "tourn"]
[EventRounds "7"]
[EventCountry "FRA"]
[SourceTitle "EXT 2005"]
[Source "ChessBase"]
[SourceDate "2004.11.15"]
[SourceVersion "1"]
[SourceVersionDate "2004.11.15"]
[SourceQuality "1"]

1. d4 d5 2. Nf3 Nf6 3. Bg5 h6 4. Bxf6 gxf6 5. g3 Bg4 6. Bg2 e6 7. Qd3 Nd7 8. Nc3 Bd6 9. 0-0-0 c5 10. Nh4 Qb6 11. f3 Bh5 12. g4 Bf4+ 13. e3 c4 14. Qe2 Bg5 15. gxh5 Bxh4 16. Bh3 f5 17. Rhg1 Bf6 18. f4 a5 19. Nb1 a4 20. a3 0-0-0 21. Rg2 Rdg8 22. Rdg1 Rxg2 23. Rxg2 Qa5 24. Qd2 Qxd2+ 25. Kxd2 Nb6 26. Kc3 Kd7 27. Nd2 Ke7 28. Nf3 Ra8 29. Rg1 Kf8 30. Ne5 Bh4 31. Rf1 Ke8 32. Nf3 Bd8 33. Kd2 f6 34. Rg1 Kf7 35. Rg6 Be7 36. Rxh6 Bf8 37. Rg6 Bg7 38. Bf1 Rh8 39. Be2 Nc8 40. Rg2 Nd6 41. Ke1 Ne4 42. Bd1 c3 43. bxc3 Nxc3 44. Nd2 Bf8 45. Be2 Bxa3 46. Kf2 Nxe2 47. Kxe2 Rxh5 48. Nf3 Bb2 49. c3 a3 50. Nd2 Bxc3 51. Nb3 Rh8 52. Kd3 Bb2 53. Rc2 Re8 54. h4 b5 55. h5 Re7 56. Ke2 b4 57. Kf3 Bc3 58. Ke2 Ra7 59. Ra2 Bb2 60. Kf3 Rc7 61. Nc5 Kg7 62. Nxe6+ Kh6 63. Nc5 Kxh5 64. Kg3 Kg6 65. Kf3 Kf7 66. Ke2 Ke8 67. Kd3 Rxc5 68. dxc5 b3 69. Rxb2 axb2 0-1

[Event "Provence-ch access Meyreuil 9596"]
[Site "France"]
[Date "1995.??.??"]
[Round "3"]
[White "Bordenave, Robert"]
[Black "Refalo, JM."]
[Result "1/2-1/2"]
[WhiteElo "1800"]
[BlackElo "1760"]
[PlyCount "49"]
[EventDate "1995.??.??"]
[EventType "tourn"]
[EventRounds "9"]
[EventCountry "FRA"]
[SourceTitle "EXT 2005"]
[Source "ChessBase"]
[SourceDate "2004.11.15"]
[SourceVersion "1"]
[SourceVersionDate "2004.11.15"]
[SourceQuality "1"]

1. d4 Nf6 2. Nf3 e6 3. e3 c5 4. c3 Nc6 5. Bd3 b6 6. 0-0 Bb7 7. e4 cxd4 8. e5 Ng4 9. cxd4 Nxd4 10. Nxd4 Nxh2 11. Kxh2 Qh4+ 12. Kg1 Qxd4 13. Bb5 Bc5 14. Qxd4 Bxd4 15. Rd1 Bxe5 16. Rxd7 a6 17. Rxb7+ axb5 18. Nc3 b4 19. Nb5 0-0-0 20. Bf4 Bxf4 21. Rxf7 Be5 22. Rc1+ Kb8 23. Nc7 Rc8 24. Na6+ Ka8 25. Nc7+ 1/2-1/2

[Event "Provence-ch access Meyreuil 9596"]
[Site "France"]
[Date "1995.??.??"]
[Round "4"]
[White "Chaoul, Raymond"]
[Black "Bordenave, Robert"]
[Result "1/2-1/2"]
[WhiteElo "1670"]
[BlackElo "1800"]
[PlyCount "61"]
[EventDate "1995.??.??"]
[EventType "tourn"]
[EventRounds "9"]
[EventCountry "FRA"]
[SourceTitle "EXT 2005"]
[Source "ChessBase"]
[SourceDate "2004.11.15"]
[SourceVersion "1"]
[SourceVersionDate "2004.11.15"]
[SourceQuality "1"]

1. f4 d5 2. Nf3 Nf6 3. e3 Bg4 4. Be2 Bxf3 5. Bxf3 c6 6. b3 g6 7. Bb2 Bg7 8. 0-0 0-0 9. Na3 e6 10. c4 a6 11. Rc1 Nbd7 12. cxd5 cxd5 13. Rc2 Rc8 14. Qc1 Nb8 15. Rxc8 Qxc8 16. Qa1 Ne8 17. Bxg7 Nxg7 18. Rc1 Qd7 19. Qc3 Nc6 20. Rc2 Nf5 21. d4 Rc8 22. Qd2 Na7 23. Rxc8+ Qxc8 24. g4 Nd6 25. Qc2 Qxc2 26. Nxc2 Nab5 27. a4 Nc3 28. Kf1 Kf8 29. Ke1 Ke7 30. Nb4 Nce4 31. Nd3 1/2-1/2

[Event "Provence-ch prom Meyreuil 9495"]
[Site "France"]
[Date "1994.??.??"]
[Round "7"]
[White "Madranges, Jean"]
[Black "Bordenave, Robert"]
[Result "1-0"]
[WhiteElo "1730"]
[BlackElo "1770"]
[PlyCount "119"]
[EventDate "1994.??.??"]
[EventType "tourn"]
[EventRounds "9"]
[EventCountry "FRA"]
[SourceTitle "EXT 2005"]
[Source "ChessBase"]
[SourceDate "2004.11.15"]
[SourceVersion "1"]
[SourceVersionDate "2004.11.15"]
[SourceQuality "1"]

1. Nf3 d5 2. g3 c6 3. Bg2 Bg4 4. 0-0 e6 5. d3 f5 6. Ne5 Bh5 7. b3 Nd7 8. Bb2 Nxe5 9. Bxe5 Nf6 10. c4 Bd6 11. Bxd6 Qxd6 12. Nd2 0-0 13. Re1 f4 14. Qc2 fxg3 15. hxg3 Ng4 16. Nf3 d4 17. c5 Qd7 18. Rf1 Kh8 19. Ng5 h6 20. Ne4 e5 21. Qd2 Qe7 22. b4 Rab8 23. Nd6 Be8 24. Bf3 Bd7 25. Kg2 Qf6 26. Rh1 Qg6 27. Raf1 Be6 28. Rh4 Bd5 29. Rfh1 Bxf3+ 30. exf3 Rxf3 31. Kxf3 Rf8+ 32. Kg2 Rxf2+ 33. Qxf2 Nxf2 34. Kxf2 Qxd3 35. Re1 Qc3 36. Rxe5 d3 37. Re1 Qb2+ 38. Kf1 Qxa2 39. Rhe4 d2 40. Rd1 Qc2 41. Ke2 b6 42. Rxd2 Qc3 43. cxb6 axb6 44. Nf5 Qf6 45. g4 Qf7 46. Rd8+ Kh7 47. Re7 Qa2+ 48. Kf3 Qb3+ 49. Kg2 Qc2+ 50. Kf3 Qc3+ 51. Ke2 Qc4+ 52. Ke3 Qc1+ 53. Rd2 Qc3+ 54. Rd3 Qc1+ 55. Kf3 Qf1+ 56. Ke4 Qe1+ 57. Re3 Qh1+ 58. Ke5 Qh2+ 59. Ke6 Qa2+ 60. Kd6 1-0

[Event "Provence-ch access Vitrolles 9394"]
[Site "France"]
[Date "1993.??.??"]
[Round "2"]
[White "Bordenave, Robert"]
[Black "Habib, George"]
[Result "1-0"]
[WhiteElo "1860"]
[BlackElo "1740"]
[PlyCount "65"]
[EventDate "1993.??.??"]
[EventType "tourn"]
[EventRounds "9"]
[EventCountry "FRA"]
[SourceTitle "EXT 2005"]
[Source "ChessBase"]
[SourceDate "2004.11.15"]
[SourceVersion "1"]
[SourceVersionDate "2004.11.15"]
[SourceQuality "1"]

1. d4 Nf6 2. Nf3 d5 3. Bg5 e6 4. e3 Be7 5. Nbd2 Nbd7 6. Bd3 c5 7. c3 0-0 8. 0-0 h6 9. Bh4 Nh7 10. Bg3 Ng5 11. Re1 cxd4 12. exd4 Nxf3+ 13. Nxf3 Qb6 14. Rb1 Bd6 15. Bxd6 Qxd6 16. Bc2 Nf6 17. Ne5 Bd7 18. Qd3 a6 19. Ng4 Ne4 20. a4 h5 21. Ne5 f5 22. f3 Nf6 23. Qe3 Be8 24. Nd3 Bf7 25. Nc5 b6 26. Nd3 Rae8 27. Ne5 Qc7 28. Bd3 Re7 29. Bxa6 Ra8 30. Bb5 Ne8 31. Nc6 Rd7 32. Nb4 Rd6 33. Qe5 1-0

[Event "Provence-ch Majeur op 9293"]
[Site "France"]
[Date "1992.??.??"]
[Round "5"]
[White "Bordenave, Robert"]
[Black "Herbomez, A."]
[Result "1/2-1/2"]
[WhiteElo "1910"]
[BlackElo "1780"]
[PlyCount "38"]
[EventDate "1992.??.??"]
[EventType "swiss"]
[EventRounds "9"]
[EventCountry "FRA"]
[SourceTitle "EXT 2005"]
[Source "ChessBase"]
[SourceDate "2004.11.15"]
[SourceVersion "1"]
[SourceVersionDate "2004.11.15"]
[SourceQuality "1"]

1. d4 d5 2. Bg5 Nd7 3. Nf3 Ngf6 4. Nbd2 e6 5. e3 Be7 6. Bd3 b6 7. c3 Bb7 8. 0-0 0-0 9. Ne5 h6 10. Bf4 c5 11. h3 a6 12. Ndf3 c4 13. Bc2 b5 14. a3 a5 15. Qe2 Qb6 16. Nxd7 Nxd7 17. Ne5 Nxe5 18. Bxe5 Bd6 19. Bxd6 Qxd6 1/2-1/2

[Event "Provence-ch Majeur op 9293"]
[Site "France"]
[Date "1992.??.??"]
[Round "4"]
[White "Poggio, Pierre"]
[Black "Bordenave, Robert"]
[Result "1/2-1/2"]
[WhiteElo "1760"]
[BlackElo "1910"]
[PlyCount "79"]
[EventDate "1992.??.??"]
[EventType "swiss"]
[EventRounds "9"]
[EventCountry "FRA"]
[SourceTitle "EXT 2005"]
[Source "ChessBase"]
[SourceDate "2004.11.15"]
[SourceVersion "1"]
[SourceVersionDate "2004.11.15"]
[SourceQuality "1"]

1. b3 d5 2. Bb2 Bf5 3. e3 e6 4. h4 h6 5. g4 Be4 6. f3 Bh7 7. d3 Nd7 8. Ne2 c6 9. Nf4 e5 10. Ng2 Qc7 11. Qe2 0-0-0 12. Nd2 f6 13. e4 dxe4 14. fxe4 Bc5 15. Ne3 Ne7 16. h5 Nf8 17. Bh3 Kb8 18. Nf5 Ne6 19. 0-0-0 Nxf5 20. gxf5 Ng5 21. Bg2 Rd7 22. Kb1 Rhd8 23. Nc4 Bg8 24. Nd2 Bf7 25. Nf3 a6 26. Bc1 Qa5 27. Qe1 Bb4 28. Bd2 Bxd2 29. Nxd2 b5 30. Qe3 Kb7 31. Qc5 Qb6 32. Qxb6+ Kxb6 33. Kb2 a5 34. a3 c5 35. Rb1 Ra7 36. Bf1 b4 37. a4 Rad7 38. Be2 Bg8 39. Rbg1 Bf7 40. Rg3 1/2-1/2

[Event "Provence-ch Majeur op 9293"]
[Site "France"]
[Date "1992.??.??"]
[Round "6"]
[White "Sabatie, Jean Louis"]
[Black "Bordenave, Robert"]
[Result "1-0"]
[WhiteElo "1850"]
[BlackElo "1910"]
[PlyCount "83"]
[EventDate "1992.??.??"]
[EventType "swiss"]
[EventRounds "9"]
[EventCountry "FRA"]
[SourceTitle "EXT 2005"]
[Source "ChessBase"]
[SourceDate "2004.11.15"]
[SourceVersion "1"]
[SourceVersionDate "2004.11.15"]
[SourceQuality "1"]

1. e4 c6 2. d4 d5 3. e5 Bf5 4. h4 h5 5. Ne2 e6 6. Ng3 Ne7 7. Nxh5 Qb6 8. c3 Nd7 9. g4 Be4 10. f3 Bg6 11. Nf4 0-0-0 12. Qb3 Kb8 13. Nd2 Rc8 14. Qxb6 Nxb6 15. Nxg6 Nxg6 16. h5 Ne7 17. Nb3 Nd7 18. Be3 b6 19. Kf2 Rc7 20. Rc1 c5 21. Be2 Nc6 22. f4 Be7 23. g5 cxd4 24. cxd4 Kb7 25. Bd3 Ndb8 26. a3 Bf8 27. f5 exf5 28. Bxf5 Nd8 29. Rxc7+ Kxc7 30. h6 gxh6 31. gxh6 Ne6 32. h7 Ng7 33. Bd3 Nc6 34. Bg5 Nd8 35. Bf6 Nde6 36. Ke3 Kb7 37. Nc1 Nc7 38. Ne2 Nce8 39. Rg1 Kc7 40. Nf4 Kd7 41. Nxd5 Kc6 42. Nf4 1-0

[Event "Provence-chB"]
[Site "Provence"]
[Date "1991.??.??"]
[Round "9"]
[White "Anton, Jose"]
[Black "Bordenave, Robert"]
[Result "1-0"]
[WhiteElo "1800"]
[BlackElo "1810"]
[PlyCount "121"]
[EventDate "1991.??.??"]
[EventType "swiss"]
[EventRounds "9"]
[EventCountry "FRA"]
[SourceTitle "EXT 2005"]
[Source "ChessBase"]
[SourceDate "2004.11.15"]
[SourceVersion "1"]
[SourceVersionDate "2004.11.15"]
[SourceQuality "1"]

1. e4 c6 2. Nf3 d5 3. Nc3 dxe4 4. Ng5 Nf6 5. Bc4 e6 6. Ngxe4 Nbd7 7. d3 Be7 8. Bf4 0-0 9. Qe2 Nd5 10. Bg3 N7f6 11. 0-0 b6 12. f4 Qd7 13. Rae1 Bb7 14. Kh1 Rae8 15. Ng5 h6 16. Nf3 Nxc3 17. bxc3 Nd5 18. Ne5 Qd8 19. Qh5 Nf6 20. Qh3 Nd5 21. f5 exf5 22. Qxf5 Bf6 23. d4 Ne7 24. Qh5 Nd5 25. Re4 Bxe5 26. Bxe5 Qg5 27. Qh3 Bc8 28. Qf3 Rd8 29. Bf4 Qg6 30. Bd3 Qf6 31. Qg3 Qg6 32. Qe1 Qh5 33. Bg3 Nf6 34. Re5 Qg4 35. Rf4 Qd7 36. Qf1 Qb7 37. Bh4 Rd6 38. Bxf6 Rxf6 39. Rxf6 gxf6 40. Rh5 Qe7 41. Rxh6 Re8 42. Qxf6 Qxf6 43. Rxf6 Kg7 44. Rf2 Be6 45. Re2 Rd8 46. a3 c5 47. dxc5 bxc5 48. Re1 Rb8 49. Kg1 Rb2 50. Ra1 Ba2 51. Re1 Be6 52. Re5 Ra2 53. Rxc5 Rxa3 54. Rc6 a5 55. Ra6 a4 56. c4 Ra1+ 57. Kf2 a3 58. g3 a2 59. h4 Kh6 60. Bf5 Kh5 61. Bxe6 1-0

[Event "Provence-chB"]
[Site "Provence"]
[Date "1991.??.??"]
[Round "1"]
[White "Bordenave, Robert"]
[Black "Arcusa, Michel"]
[Result "1-0"]
[WhiteElo "1810"]
[BlackElo "1840"]
[PlyCount "69"]
[EventDate "1991.??.??"]
[EventType "swiss"]
[EventRounds "9"]
[EventCountry "FRA"]
[SourceTitle "EXT 2005"]
[Source "ChessBase"]
[SourceDate "2004.11.15"]
[SourceVersion "1"]
[SourceVersionDate "2004.11.15"]
[SourceQuality "1"]

1. d4 e6 2. Nf3 d5 3. Bg5 Nf6 4. e3 Nbd7 5. Bd3 c6 6. Nbd2 Bd6 7. c3 0-0 8. 0-0 Re8 9. e4 dxe4 10. Nxe4 Bc7 11. Qc2 h6 12. Bh4 Qe7 13. Rfe1 Bd8 14. Ne5 Qf8 15. Bg3 Nxe4 16. Rxe4 Nf6 17. Re3 Be7 18. Rf3 c5 19. Rd1 Rd8 20. h3 cxd4 21. cxd4 Kh8 22. Bg6 Rd5 23. Nxf7+ Kg8 24. Ne5 Qd8 25. Qd3 Qb6 26. b3 Bd7 27. Bf7+ Kf8 28. Nxd7+ Rxd7 29. Bg6 Rad8 30. Be5 Rd5 31. Qe4 Kg8 32. Qf4 Qa5 33. Bc7 Rxd4 34. Rxd4 Rxd4 35. Bxa5 1-0

[Event "Provence-chA"]
[Site "Provence"]
[Date "1990.??.??"]
[Round "6"]
[White "Gomez, Gabriel"]
[Black "Bordenave, Robert"]
[Result "0-1"]
[WhiteElo "1820"]
[BlackElo "1720"]
[PlyCount "76"]
[EventDate "1990.??.??"]
[EventType "swiss"]
[EventRounds "7"]
[EventCountry "FRA"]
[SourceTitle "EXT 2005"]
[Source "ChessBase"]
[SourceDate "2004.11.15"]
[SourceVersion "1"]
[SourceVersionDate "2004.11.15"]
[SourceQuality "1"]

1. e4 e5 2. Nf3 d6 3. d4 exd4 4. Nxd4 Nf6 5. Nc3 Be7 6. Bf4 0-0 7. Be2 a6 8. a4 c5 9. Nf3 Nc6 10. 0-0 Be6 11. Qd2 Qc7 12. Rad1 Rad8 13. h3 Ne5 14. Rfe1 Rfe8 15. Ng5 Bc4 16. Bxc4 Nxc4 17. Qe2 Ne5 18. Bxe5 dxe5 19. Qc4 Bf8 20. Nd5 Nxd5 21. exd5 h6 22. Ne4 Bd6 23. Rd3 f5 24. Nxd6 Qxd6 25. Qb3 Re7 26. c4 b6 27. Qd1 g6 28. Rg3 Kh7 29. Rb3 Qf6 30. Qd2 a5 31. Rd1 Rd6 32. Re1 Qh4 33. Qc1 Qf6 34. Qe3 Qh4 35. Kh2 Qxc4 36. f4 e4 37. Rd3 Qxa4 38. b3 Qd7 0-1